Geography Quiz

Random Geography or Flags Quiz

Pixel Art - African Flag Quiz Stats

 Plays Quiz Updated Jul 2, 2018

Also try: Flags of Food
Challenge
Share
Tweet
Score 0/280 Timer 03:00
3 Plays Today
% Correct
94.8%
94.6%
94%
93.8%
93.5%
93.5%
93.3%
93.3%
93.3%
92.5%
92.4%
92.2%
92%
91.8%
91.6%
91.1%
91.1%
South Africa
91%
90%
Egypt
89.8%
88.7%
88.4%
88.2%
88%
87.7%
87.2%
87.2%
87.2%
87.1%
87.1%
86.8%
86.8%
86.6%
86.6%
86.6%
86.4%
86.4%
86.2%
86.1%
86%
85.8%
85.7%
85.7%
85.6%
85%
84.7%
84.6%
84.5%
84.5%
84.5%
84.2%
84.2%
84%
84%
83.9%
83.9%
83.9%
83.8%
83.7%
83.6%
83.6%
83.5%
83.1%
82.8%
Niger
82.8%
82.6%
82.4%
82.4%
82.3%
82.3%
82%
82%
81.9%
81.9%
81.9%
81.8%
81.5%
81.4%
81.4%
81.4%
81.2%
81.2%
81.2%
81.1%
81.1%
80.9%
80.7%
80.6%
80.6%
80.5%
80.4%
80.4%
Nigeria
80.1%
80.1%
% Correct
79.9%
79.8%
79.7%
79.7%
79.7%
79.7%
79.6%
79.6%
79.6%
79.4%
Morocco
79.4%
79.3%
79.2%
79.1%
78.8%
78.8%
78.8%
Algeria
78.7%
78.4%
Sudan
78.1%
78%
Kenya
77.9%
77.8%
77.7%
77.7%
77.5%
77.4%
77.4%
77.2%
77.1%
77%
76.9%
76.9%
76.9%
76.8%
76.8%
76.7%
76.4%
76.4%
76.3%
76.3%
Chad
76.2%
Libya
76%
76%
76%
76%
76%
76%
76%
76%
75.7%
75.6%
Ethiopia
75.5%
Ghana
74.9%
74.8%
74.5%
74.5%
74.1%
Madagascar
74.1%
73.9%
73.9%
73.7%
73.7%
73.7%
73.6%
73.3%
73.1%
72.9%
72.9%
72.9%
72.9%
Mali
72.8%
72.7%
72.6%
South Sudan
72.5%
72.5%
Zimbabwe
72.3%
72.3%
72.2%
71.9%
71.7%
71.7%
Dem. Rep. of
the Congo
71.5%
Tunisia
71.3%
71.1%
70.9%
70.2%
70.2%
Lesotho
69.8%
Somalia
69.7%
69.6%
69.3%
69.3%
69.1%
% Correct
69.1%
69.1%
69.1%
68.9%
68.7%
Rwanda
68.6%
Cameroon
68.5%
68.4%
68.4%
68.4%
68.2%
Guinea
68%
Angola
67.9%
Zambia
67.9%
67.7%
67.7%
67.6%
67.6%
67.6%
67.6%
67.6%
67.4%
67.4%
67.4%
67.4%
67.4%
67.4%
Togo
67.3%
67.2%
Uganda
67.1%
Cote d'Ivoire
67.1%
Cen. Afr. Rep.
67.1%
Tanzania
66.8%
Benin
66.7%
Eritrea
66.4%
66%
66%
Senegal
65.5%
Botswana
65.2%
Namibia
64.8%
Djibouti
64.4%
Liberia
64%
64%
64%
64%
64%
eSwatini
63.4%
Mozambique
63.3%
62.4%
62.4%
62.4%
62.4%
62.4%
The Gambia
61.9%
61.8%
61.7%
Gabon
61.1%
60.9%
Mauritania
60.9%
Guinea-Bissau
60.8%
Malawi
60.5%
Burundi
60.2%
59.1%
59.1%
58.5%
58.5%
58.5%
58.4%
Burkina Faso
58.4%
58.3%
58%
58%
57.7%
57.7%
Comoros
57.6%
Seychelles
57.6%
57.6%
57.6%
Sierra Leone
57.5%
Eq. Guinea
57.3%
Mauritius
57.2%
Cabo Verde
56.8%
53%
53%
53%
53%
53%
Sao Tome and Principe
52.1%
Rep. of the Congo
51.4%
49.2%
35.2%
Flag of Benin
33%

You're not logged in!

Compare scores with friends on all Sporcle quizzes.
Join for Free
OR
Log In

You Might Also Like...

Show Comments

Extras

Top Quizzes Today


Score Distribution

Your Account Isn't Verified!

In order to create a playlist on Sporcle, you need to verify the email address you used during registration. Go to your Sporcle Settings to finish the process.

Report this User

Report this user for behavior that violates our Community Guidelines.

Details: